Interdependencies between Immigration and Selected Economic Indicators in Germany (with Emphasis on Turkish Immigration)
Problematika prisťahovalectva do európskych krajín, história tureckej migrácie do Nemecka. Závislosť medzi imigráciou na jednej strane a HDP, mierou nezamestnanosti a priemernou ročnou mzdou v Nemecku na strane druhej. Dopady imigrácie na nemeckú ekonomiku. Pozitívne vplyvy podnikateľských aktivít p...
Salvato in:
| Autore principale: | |
|---|---|
| Altri autori: | |
| Natura: | Capitolo di libro |
| Lingua: | inglese |
| Soggetti: | |
| Tags: |
Nessun Tag, puoi essere il primo ad aggiungerne!!
|
MARC
| LEADER | 00000naa$a2200000$$$4500 | ||
|---|---|---|---|
| 001 | 0234327 | ||
| 005 | 20240523114114.1 | ||
| 041 | 0 | |a eng | |
| 044 | |a LV | ||
| 245 | 1 | 0 | |a Interdependencies between Immigration and Selected Economic Indicators in Germany (with Emphasis on Turkish Immigration) |c Otília Zorkóciová, Lucia Ďuranová |
| 520 | |a Problematika prisťahovalectva do európskych krajín, história tureckej migrácie do Nemecka. Závislosť medzi imigráciou na jednej strane a HDP, mierou nezamestnanosti a priemernou ročnou mzdou v Nemecku na strane druhej. Dopady imigrácie na nemeckú ekonomiku. Pozitívne vplyvy podnikateľských aktivít prisťahovalcov v Nemecku. | ||
| 610 | 2 | 0 | |a migrácia |
| 610 | 2 | 0 | |a imigrácia |
| 610 | 2 | 0 | |a Nemecko |
| 610 | 2 | 0 | |a Turecko |
| 610 | 2 | 0 | |a produkt domáci hrubý |
| 610 | 2 | 0 | |a miera nezamestnanosti |
| 610 | 2 | 0 | |a mzdy priemerné |
| 100 | 1 | |a Zorkóciová, Otília, 1954- | |
| 700 | 1 | |a Ďuranová, Lucia | |